Pandora y el Rey Midas : dos mitos griegos /

Nathaniel Hawthorne nos cuenta dos antiguos mitos griegos, en versiones para chicos. La asombrosa historia de Pandora, una nena que vivió cuando el mundo era tan joven que ni siquiera había nacido la maldad, y la historia de Midas, un rey que lo tenía todo para ser feliz. Pero Pandora era demasiado...

Descripción completa

Guardado en:
Autor Principal: Hawthorne, Nathaniel.
Otros Autores: Roggio, Patricia; adapt.
Formato: Libro
Idioma:Undetermined
Publicado: Buenos Aires : Letras impresa, 2017.
Edición:1a ed.
Series:Gatto, Horacio; il.
Materias:
Etiquetas: Agregar Etiqueta
Sin Etiquetas, Sea el primero en etiquetar este registro!
LEADER 01302nam a22002295a 4500
001 CEM.cems021330
008 240801s2017####ag############000#0#und#d
005 20240801171234.0
245 1 0 |a Pandora y el Rey Midas :  |b dos mitos griegos /  |c Nathaniel Hawthorne ; adaptado por Patricia Roggio ; ilustrado por Horacio Gatto. 
250 |a 1a ed. 
260 |a Buenos Aires :  |b Letras impresa,  |c 2017. 
300 |a 96 p. 
490 1 |a La puerta secreta ;  |v 35 
520 |a Nathaniel Hawthorne nos cuenta dos antiguos mitos griegos, en versiones para chicos. La asombrosa historia de Pandora, una nena que vivió cuando el mundo era tan joven que ni siquiera había nacido la maldad, y la historia de Midas, un rey que lo tenía todo para ser feliz. Pero Pandora era demasiado curiosa y el rey Midas, demasiado ambicioso. ¿Imaginan qué consecuencias tuvieron en sus vidas esos feos defectos? ¿Habrán logrado cambiar y ser felices? En las páginas de este libro encontrarán las respuestas. 
020 |a 9789874419057 
100 1 |a Hawthorne, Nathaniel. 
700 1 |a Roggio, Patricia; adapt. 
830 0 |a Gatto, Horacio; il. 
653 |a Literatura estadounidense 
653 |a Literatura infantil 
653 |a Narrativa estadounidense 
859 |a CEMS  |b BIB. CEMS - Inicial y Primaria  |h 818.5  |i H318  |k IP  |p 6835  |t Ej.1